50/50 - ogólna wiedza geograficzna. - Statystyki

Ogólne statystyki
  • Ten quiz został rozwiązany 83 razy
  • Średni wynik to 9 z 15
Statystyki odpowiedzi
Zagadnienie Odpowiedź % Poprawnych
Które z tych państw ma stolicę z dłuższą nazwą?
100%
W którym z tych państw znajduję się Ho Chi Minh City (dawny Sajgon)?
90%
Które z tych państw ma większą powierzchnię?
80%
W którym z tych państw urodziła się Rihanna?
70%
Które z tych państw ma wyższy szczyt?
70%
Które z tych państw ma więcej osobnych państw w swoim terytorium?
70%
Które z tych państw ma stolicę w Port Louis?
60%
Które z tych państw jest bliżej Stanów Zjednoczonych?
60%
Które państwo ma najmniejszą gęstość zaludnienia?
50%
Które z tych państw używa języka angielskiego jako języka urzędowego?
50%
Które z tych państw graniczy z Algierią?
50%
Które z tych państw ma więcej piramid?
50%
Które z tych państw ma większą liczbę ludności?
40%
Które z tych państw ma krótszą nazwę?
40%
Mieszkańcy którego z tych państw są często myleni z cyganami?
30%
Nie znaleziono quizów pasujących do podanych kryteriów
Rozkład punktacji
Procent ludzi z każdym wynikiem
Percentyl według liczby udzielonych odpowiedzi
Twoja historia wyników
Nie rozwiązałeś tego quizu